Quizzes
Events
Quiz Creation
Community
Videos
Private Events
Remove Ads
Sign In
Join for FREE
Feedback
Dark Mode
Quiz Categories
Sports
Geography
Music
Movies
Television
Just For Fun
Miscellaneous
History
Literature
Language
Science
Gaming
Entertainment
Religion
Holiday
For Kids
Quiz Lab
Recent
Popular Today
Quiz Kudos Today
Editor Picks
Curator Picks
Quizzes by...
Day
Popularity
Type
Ratings
Length
Year
Community
Subscriptions
Recent Discussions
Orange Saloon
Badges
Playlists
Quests
Create
Leaderboards
Showdown
Live 5
Trivia Bingo
Activity
Puzzle Library
Sporcle Events
Private Events
Virtual Trivia
Globe League
Become a Host
Pub Owners
SporcleCon
Opinionation
Our Games
Videos
Blog
Mobile Apps
Partnerships
Remove Ads and Go Orange
Feedback
Gaming
Video Games
Board Games
Card Games
Pokémon
Mario
Nintendo
Minecraft
Console
Toys
Legend of Zelda
Gaming
Video Games
Board Games
Card Games
Pokémon
Mario
Nintendo
Minecraft
Console
Toys
Legend of Zelda
Random Quiz
Search Sporcle
×
Quiz Lab
Quiz Lab
Gaming
Video Games
Type in answers that appear in a list
Type in answers that appear in a list
Classic
Best Score? Go Orange.
Rainbow Six Profile: Thatcher Stats
Rainbow Six Profile: Thatcher
By
Zewdragon
3m
17 Questions
43 Plays
43 Plays
43 Plays
Comments
Comments
Give Quiz Kudos
Give Quiz Kudos
-
- Ratings
hide this ad
More Info
Replay
Link that replays current quiz
Next Quiz
Link to next quiz in quiz playlist
You Got
0%
They Got
Avg Score
67%
Avg Friend Score
Upgrade to see
Score Distribution
Jump to the score distribution portion of the page
Score
0/17
Timer
03:00
0
Plays Today
Hint
Answer
% Correct
Country
UK
93%
Counter Terrorism Unit
SAS
88.4%
Gadget
EMP Grenade
86%
Equipment #2
Breach Charge
79.1%
Fellow Attacker
Sledge
74.4%
Fellow Defender #1
Mute
74.4%
Fellow Defender #2
Smoke
74.4%
Unlocked Price
500
74.4%
Primary #1
AR33
67.4%
Hint
Answer
% Correct
Equipment #1
Claymore
65.1%
Dedicated Map #1
Plane
62.8%
Dedicated Map #2
Hereford Base
62.8%
Speed
Medium
55.8%
Armor
Medium
55.8%
Primary #2
L85A2
48.8%
Secondary #1
P226
46.5%
Primary #3
M590A1
39.5%
Quiz Playlist
Details
Report
Send in Message
Add To Playlist
More Info:
This quiz will test your knowledge over everything about Ubisoft's Rainbow Six Siege Operator Thatcher!!
Classic:
Type in answers that appear in a list
Last Updated: Jun 16, 2017
Quiz Scoreboard
CHALLENGE
Sign Up to Join the Scoreboard
Show All
Scores
Hide
Comments
May contain spoilers
Recently Published
1-10 Letter E Words III
by El_Dandy
Language
2m
One Thing in Common: World Cities II
by knightlancer
Geography
7m
Popular People in 1961
by mucciniale
History
6m
More to Explore
Quiz From the Vault
Featured Blog Post
Where Did the Easter Bunny Come From?
hide this ad
You Might Also Like...
Tags
Video Games Quiz
Rainbow Six Siege
Today's Top Quizzes in Gaming
Browse Gaming
hide this ad
Today's Top Quizzes in Video Games
Browse Video Games
Top Contributed Quizzes in Gaming
1
Destiny 2 exotic weapons by perk icons
2
Who's on the WWE 2K24 Cover?
3
Windmill: Pokémon
4
Overwatch 2 Heroes by Selection Quote
5
Overwatch 2: Ultimate Ability Icons
6
Genshin Impact Logic Puzzle
7
Genshin murder mystery
8
Legendary or Exotic?
9
Overwatch Logic Puzzle
10
Franchise by Action Figure
Explore More
Trending Topics
Disney
NBA
Anime
Marvel
Harry Potter
Kpop
Crossword
Pokémon
Soccer
Song
WWE
Puzzle
Country
NFL
The Office
hide this ad
More By:
Zewdragon
Quiz
Plays
Rating
Category
Featured
Created
Rainbow Six Profile: Ash
360
3.00
Gaming
Jun 15, 2017
Rainbow Six Profile: Jager
218
Gaming
Jun 16, 2017
Rainbow Six Profile: IQ
188
3.00
Gaming
Jun 19, 2017
Rainbow Six Profile: Sledge
119
Gaming
Jun 15, 2017
Rainbow Six Profile: Thermite
114
Gaming
Jun 15, 2017
Go to Creator's Profile
Score Distribution
Quiz Creator Spotlight
Zewdragon
Follow
Send a Message
Quizzes Created
-
Created Quiz Play Count
-
More By This Creator
Popular Quizzes Today
1
Find the US States - No Outlines Minefield
2
Find the Countries of Europe - No Outlines Minefield
3
The Countries of the World
4
Popular People in 1961
5
1-10 Letter E Words III
6
Find the US States
7
One Thing in Common: World Cities II
8
US States
More Gaming Quizzes
Chess Pieces (Redux)
Published
Trending Quizzes
Risky Map Clicking: Least Populous States A-Z
1-10 Letter F Words
1-10 Letter G Words
One Thing in Common: United Kingdom
Risky Map Clicking: Biggest States A-Z
Recently Updated
Leaping Animals
pecheneg
Reality TV Shows (A-Z)
bhenderson79
Rickey Henderson's Hall of Fame Teammates
pecheneg
Champions League XIs: Arsenal
pecheneg
Quick Pick: Celebrities in WWE's Hall of Fame
aduchscher
A-Z Keypad Blitz II
pecheneg
Multiple Oscar Actors
pecheneg
Mystery Phrase Blitz: Oscar 'Best Actors'
pecheneg
F. Scott Fitzgerald Novels
LTH
Pick 3 Villains
ddd62291
Trending Topics
Marvel
NBA
Crossword
Disney
Anime
Kpop
Harry Potter
Song
Puzzle
Pokémon
The Office
Country
Soccer
NFL
WWE
Your Account Isn't Verified!
In order to create a playlist on Sporcle, you need to verify the email address you used during registration. Go to your
Sporcle Settings
to finish the process.
Report this User
Report this user for behavior that violates our
Community Guidelines
.
Details:
Send Report
Go to the Sporcle.com Mobile Site →
Comments